Statystyki dla Wszystkie państwa, które kiedykolwiek graniczyły z Niemcami

Kliknij tutaj aby rozwiązać quiz!

Ogólne statystyki

  • Ten quiz został rozwiązany 23 156 razy
    (23 154 od ostatniego zresetowania)
  • Średni wynik to 22 z 27

Odpowiedzi na mapie

Odpowiedzi skodowane kolorowo w zielono-czerwonej skali na mapie do tego quizu, zgodnie z poniższymi procentami.
 

Statystyki odpowiedzi

Państwo% Poprawnych
Polska
100%
Francja
99%
Rosja
98%
Austria
97%
Austro-Węgry
97%
Belgia
97%
Czechy
97%
Dania
97%
Holandia
97%
Włochy
97%
Szwajcaria
95%
Hiszpania
94%
Szwecja
94%
Luksemburg
92%
Czechosłowacja
91%
Finlandia
91%
Litwa
91%
Związek Radziecki
91%
Rumunia
87%
Węgry
85%
Jugosławia
83%
Bułgaria
82%
Liechtenstein
68%
Andora
44%
Wolne Miasto Gdańsk
26%
Protektorat Saary
11%
Terytorium Saary
11%

Rozkład punktacji

Percentyl według liczby udzielonych odpowiedzi

Procent ludzi z każdym wynikiem

Twoja historia wyników

Nie rozwiązałeś tego quizu od ostatniego zresetowania